000 00438nmm a2200157Ia 4500
008 251105s9999||||xx |||||||||||||||||und||
020 _a9788416848560
041 _aspa
100 _aVela, Charo
245 0 _aLos secretos de la mansión Samwel
264 _a[Madrid, España] :
_bExLibric,
_c2017
300 _a208 páginas
650 _aThriller & Suspense
856 _uhttps://public.digitaliapublishing.com/a/85416
942 _cCF
999 _c78061
_d78061